<?xml version="1.0" encoding="UTF-8"?>
<record
    xmlns:xsi="http://www.w3.org/2001/XMLSchema-instance"
    xsi:schemaLocation="http://www.loc.gov/MARC21/slim http://www.loc.gov/standards/marcxml/schema/MARC21slim.xsd"
    xmlns="http://www.loc.gov/MARC21/slim">

  <leader>00739cam a2200193 a 4500</leader>
  <controlfield tag="005">2012010903513.0</controlfield>
  <datafield tag="020" ind1=" " ind2=" ">
    <subfield code="a">9788187649946</subfield>
    <subfield code="c">90.00</subfield>
  </datafield>
  <datafield tag="037" ind1=" " ind2=" ">
    <subfield code="b">PUB</subfield>
  </datafield>
  <datafield tag="100" ind1=" " ind2=" ">
    <subfield code="a">Prabhjot Kaur </subfield>
    <subfield code="9">38631</subfield>
  </datafield>
  <datafield tag="245" ind1=" " ind2=" ">
    <subfield code="a">Daddoo's day out /</subfield>
    <subfield code="c">by Prabhjot Kaur</subfield>
  </datafield>
  <datafield tag="260" ind1=" " ind2=" ">
    <subfield code="a">New Delhi </subfield>
    <subfield code="b">Katha</subfield>
    <subfield code="c">2010</subfield>
  </datafield>
  <datafield tag="270" ind1=" " ind2=" ">
    <subfield code="a">A3 Sarvodaya Enclave Sri  Aurobindo  Marg,</subfield>
    <subfield code="b">New Delhi</subfield>
    <subfield code="e">110017</subfield>
    <subfield code="k">26524350</subfield>
    <subfield code="l">26514373</subfield>
    <subfield code="m">kathavilasam@katha.org</subfield>
  </datafield>
  <datafield tag="300" ind1=" " ind2=" ">
    <subfield code="a">unpages </subfield>
    <subfield code="c">24cm(pbk)</subfield>
    <subfield code="b">ill. </subfield>
  </datafield>
  <datafield tag="650" ind1=" " ind2=" ">
    <subfield code="a">Short stories, Indic</subfield>
    <subfield code="x">Translations into English.</subfield>
    <subfield code="9">38632</subfield>
  </datafield>
  <datafield tag="650" ind1=" " ind2=" ">
    <subfield code="a">Indic fiction</subfield>
    <subfield code="y">20th century</subfield>
    <subfield code="x">Translations into English.</subfield>
    <subfield code="9">38633</subfield>
  </datafield>
  <datafield tag="700" ind1=" " ind2=" ">
    <subfield code="a"> Trauer, Sophie</subfield>
    <subfield code="9">38630</subfield>
  </datafield>
  <datafield tag="942" ind1=" " ind2=" ">
    <subfield code="2">ddc</subfield>
    <subfield code="c">CH</subfield>
    <subfield code="m">PRA</subfield>
  </datafield>
  <datafield tag="999" ind1=" " ind2=" ">
    <subfield code="c">60503</subfield>
    <subfield code="d">60503</subfield>
  </datafield>
  <datafield tag="952" ind1=" " ind2=" ">
    <subfield code="0">0</subfield>
    <subfield code="1">0</subfield>
    <subfield code="4">0</subfield>
    <subfield code="7">-1</subfield>
    <subfield code="a">AG</subfield>
    <subfield code="b">AG</subfield>
    <subfield code="d">2012-01-09</subfield>
    <subfield code="g">95.00</subfield>
    <subfield code="l">0</subfield>
    <subfield code="o">PRA</subfield>
    <subfield code="r">2012-01-09 00:00:00</subfield>
    <subfield code="v">95.00</subfield>
    <subfield code="w">2012-01-09</subfield>
    <subfield code="y">CH</subfield>
  </datafield>
</record>
